000 00343nam a22001217a 4500
040 _cHS
082 _a570
100 _aដិប ស៊ីណាត
245 _aការពារសម្បត្តិធម្មជាតិ ( protection de la nature)
260 _aRUA
_bដិប ស៊ីណាត
_c1994
300 _a44p;
942 _cKB
999 _c9056
_d9056